| 000 | 00376nam a2200157 4500 | ||
|---|---|---|---|
| 008 | 190319s1989||||xo d | ||
| 100 | 1 |
_aBláha Václav a kol _9976 |
|
| 245 | 1 | 0 | _aV školskej družine II. |
| 250 | _a1. vydanie | ||
| 260 |
_bSPN _aBratislava _c1989 |
||
| 300 | _a315 s. | ||
| 020 |
_c0 _a80-08-00040-6 |
||
| 041 | 1 | _aslo | |
| 044 |
_axo _cSK |
||
| 958 | _aA | ||
| 999 |
_c22237 _d22237 |
||